00453nam a2200181 a 4500001000400000003000900004008004100013040002800054082000900082100002800091245003400119260003100153300001000184490001900194650002900213942001200242999001700254548CO-ViMGA141112s2004 ck r 000 u spa d aCO-ViMGAbspacCO-ViMGA04aIONc1 aIonescu, Ángela9492410aCuentos y leyendas de rumania aBogotá : bNorma, c1996 a104 p aTorre de papel14aCUENTOS INFANTILES92743 2ddccBK c12789d12789